| 000 | 02436nam a2200421 i 4500 | ||
|---|---|---|---|
| 001 | 193270 | ||
| 003 | SpMaBN | ||
| 005 | 20250804062655.0 | ||
| 007 | ta | ||
| 008 | 221003s2022 sp a | |||| 000 f spa | ||
| 017 |
_aM 19793-2022 _bOficina Depósito Legal Madrid |
||
| 020 | _a9788437644974 | ||
| 035 | _aa7171184 | ||
| 040 |
_aSpMaBN _bspa _cSpMaBN _erda |
||
| 080 | _a821.112.2-31"19" | ||
| 100 | 1 |
_aWeiss, Ernst, _d1882-1940 _eaut _9234400 |
|
| 245 | 1 | 0 |
_aFranziska : _bla lucha / _cErnst Weiss ; edición y traducción de Carlos Fortea |
| 250 | _a1ª edición, 2022 | ||
| 264 | 1 |
_aMadrid : _bCátedra, _c2022 |
|
| 300 |
_a257 páginas ; _c21 cm |
||
| 336 |
_aTexto _2rdacontent |
||
| 337 |
_asin mediación _2rdamedia |
||
| 338 |
_avolumen _2rdacarrier |
||
| 490 | 1 | _aBiblioteca del siglo XX | |
| 504 | _aBibliografía: páginas 41-43 | ||
| 520 | _aAunque no resulta fácil sintetizar el argumento de "Franziska", novela expresionista en que confluyen un buen número de temas de interes, podríamos decir que cuenta la historia de una joven aspirante a pianista que se propone consolidar una carrera como interprete. En medio de estos esfuerzos, sin embargo, se reencuentra con Erwin, un joven al que conoce fugazmente desde su adolescencia y con el que establece una compleja y tensa relación. Publicada en 1916, esta novela, en la que se trenzan muchas de las fijaciones literarias de su autor (el motivo del padre o la situación social de las mujeres, por ejemplo), supone uno de los puntos más importantes en la trayectoria narrativa de Ernst Weiss, miembro del círculo praguense de Kafka y distinguido en numerosas ocasiones por la crítica, a pesar de lo cual no llegó a recibir en vida el exito de público que sus denodados esfuerzos artísticos hubieran merecido. | ||
| 655 | 0 |
_aNovelas _9234319 |
|
| 700 | 1 |
_aFortea, Carlos, _d1963- _epbl _etrl _951844 |
|
| 830 |
_9232212 _aBiblioteca del siglo XX |
||
| 852 |
_aES-MaACL _bR. 154673 _cDEPOJ _9200701 _hDonación: Carlos Fortea _jN-9446 _xEncuadernación rústica con solapas |
||
| 903 |
_aFortea, Carlos, _d1963- _ednr _951844 |
||
| 942 |
_n0 _cMONOGRAFIA |
||
| 999 |
_c193270 _d193270 |
||